000
00329nam a2200121Ia 4500
008
180205s9999 xx 000 0 und d
020
_a
9715740677
100
_a
Villanueva, Perla M.
245
_a
Writing skill for college /
250
_a
2nd ed
260
_a
Mandaluyong City
_b
Katha publishing
_c
2003
300
_a
iii, 217 pages
999
_c
354702
_d
354702